000 01052nam a22002777a 4500
005 20091015111359.0
008 091015t xxu||||| |||| 00| 0 eng d
010 _aENG-95123
020 _a9788189884123
_c695.00
035 _aEN-78656
037 _bDBAD/PUB
040 _aDPL
_bENG
082 _a333.70954
100 _aSumi Krishna
245 _aGenderscapes :
_cby Sumi Krishna
_brevisioning natural resource management /
260 _aNew Delhi
_bZubaan
_c2008
270 _a128-B, Shahpur Jat, 1st floor
_bNew Delhi
_e110049
300 _axi, 476 p.
_c22 cm.(Hb)
500 _aIncludes bibliographical references and index
650 _aNatural resources |
_zIndia
650 _aWomen and the environment
_zIndia
650 _aEcofeminism
_zIndia
650 _aSex role
_xEnvironmental aspects
_zIndia
942 _2ddc
_cEN
_mSUM
_h333.70954
999 _c30939
_d30939